<?xml version="1.0" encoding="UTF-8"?><?xml-stylesheet type="text/xsl" href="static/style.xsl"?><OAI-PMH xmlns="http://www.openarchives.org/OAI/2.0/" xmlns:xsi="http://www.w3.org/2001/XMLSchema-instance" xsi:schemaLocation="http://www.openarchives.org/OAI/2.0/ http://www.openarchives.org/OAI/2.0/OAI-PMH.xsd"><responseDate>2026-06-07T21:21:26Z</responseDate><request verb="GetRecord" identifier="oai:docta.ucm.es:20.500.14352/99367" metadataPrefix="marc">https://docta.ucm.es/rest/oai/request</request><GetRecord><record><header><identifier>oai:docta.ucm.es:20.500.14352/99367</identifier><datestamp>2025-03-18T12:09:29Z</datestamp><setSpec>com_20.500.14352_14</setSpec><setSpec>col_20.500.14352_18</setSpec></header><metadata><record xmlns="http://www.loc.gov/MARC21/slim" xmlns:dcterms="http://purl.org/dc/terms/" xmlns:xsi="http://www.w3.org/2001/XMLSchema-instance" xmlns:doc="http://www.lyncode.com/xoai" xsi:schemaLocation="http://www.loc.gov/MARC21/slim http://www.loc.gov/standards/marcxml/schema/MARC21slim.xsd">
   <leader>00925njm 22002777a 4500</leader>
   <datafield ind2=" " ind1=" " tag="042">
      <subfield code="a">dc</subfield>
   </datafield>
   <datafield ind2=" " ind1=" " tag="720">
      <subfield code="a">García Solana, María José</subfield>
      <subfield code="e">author</subfield>
   </datafield>
   <datafield ind2=" " ind1=" " tag="720">
      <subfield code="a">Mairal Medina, María Pilar</subfield>
      <subfield code="e">author</subfield>
   </datafield>
   <datafield ind2=" " ind1=" " tag="720">
      <subfield code="a">Melero Bascuñana, Concepción</subfield>
      <subfield code="e">author</subfield>
   </datafield>
   <datafield ind2=" " ind1=" " tag="260">
      <subfield code="c">2022</subfield>
   </datafield>
   <datafield ind2=" " ind1=" " tag="520">
      <subfield code="a">El capítulo analiza la evolución de las políticas de empleo y el acceso al mercado laboral de personas con diversidad funcional. Para ello, se realiza un análisis conceptual sobre discapacidad y diversidad, se aborda el marco normativo español, el impacto que sobre él han tenido las convenciones y normativa internacional, para posteriormente adentrarse en las estrategias de política pública en materia de discapacidad y empleo público, así como los instrumentos implementados que han transformado y reconfigurado este mercado laboral. En este ámbito, se pone especial atención en las adaptaciones del acceso al empleo público a personas con diversidad funcional. Para finalizar, se analiza la experiencia del acceso al empleo público y el empleo con apoyo como principal de vía de éxito para la incorporación de personas con diversidad funcional. Se destaca el rol de las entidades sociales durante todo este proceso partiendo del estudio de caso desarrollado por Plena Inclusión Madrid y ASPIMIP.</subfield>
   </datafield>
   <datafield ind1="8" ind2=" " tag="024">
      <subfield code="a">978-84-1130-967-7</subfield>
   </datafield>
   <datafield ind1="8" ind2=" " tag="024">
      <subfield code="a">978-84-1130-968-4</subfield>
   </datafield>
   <datafield ind1="8" ind2=" " tag="024">
      <subfield code="a">https://hdl.handle.net/20.500.14352/99367</subfield>
   </datafield>
   <datafield ind1="8" ind2=" " tag="024">
      <subfield code="a">https://editorial.tirant.com/es/libro/politicas-publicas-en-el-marco-de-la-agenda-2030-gema-pastor-albaladejo-9788411309677?busqueda=Pol%3Fticas+P%3Fblicas+en+el+marco+de+la+agenda+2030&amp;</subfield>
   </datafield>
   <datafield ind2="0" ind1="0" tag="245">
      <subfield code="a">Políticas públicas inclusivas para el acceso de las personas con discapacidad al empleo público</subfield>
   </datafield>
</record></metadata></record></GetRecord></OAI-PMH>